| 000 | 00424nam a2200157 a 4500 | ||
|---|---|---|---|
| 001 | 1524 | ||
| 003 | CDMR | ||
| 005 | 20130116135212.0 | ||
| 008 | 130130s2007||||||||||||||||||||||||||||d | ||
| 040 |
_aCDMR _bcat _cCPC GIRONA |
||
| 100 | 1 |
_aSobrequés i Callicó, Jaume _91153 |
|
| 245 | 1 | 0 |
_aHistòria de Catalunya _cSobrequés i Callicó, Jaume |
| 260 |
_c2007 _bEditorial Base |
||
| 490 | 0 |
_aBase històrica _v29 _937 |
|
| 942 | _cMON | ||
| 999 |
_c1524 _d1524 |
||